| 000 | 00473pab a2200169 454500 | ||
|---|---|---|---|
| 008 | 180718b2001 xxu||||| |||| 00| 0 eng d | ||
| 100 | _aThirunavukkarasu, R. | ||
| 245 | _aElection 2001: changing equations | ||
| 260 | _c2001 | ||
| 300 | _ap.2486-489 | ||
| 362 | _a7 Jul | ||
| 650 | _aTamil Nadu. Legislative Assembly - Elections - 2001 | ||
| 650 | _aElections - India - Tamil Nadu | ||
| 650 | _aElections | ||
| 773 | _aEconomic and Political Weekly | ||
| 909 | _a49050 | ||
| 999 |
_c49050 _d49050 |
||